<?xml version="1.0" encoding="UTF-8"?>
<marc:record xmlns:marc="http://www.loc.gov/MARC21/slim">
   <marc:leader>00000nam a2200000 a 4500</marc:leader>
   <marc:datafield ind1="1" ind2=" " tag="100">
      <marc:subfield code="a">Beckett, Simon</marc:subfield>
      <marc:subfield code="4">aut</marc:subfield>
      <marc:subfield code="e">Verfasser/-in</marc:subfield>
   </marc:datafield>
   <marc:datafield ind1="0" ind2="0" tag="245">
      <marc:subfield code="a">Die Chemie des Todes</marc:subfield>
   </marc:datafield>
   <marc:datafield ind1="0" ind2="0" tag="245">
      <marc:subfield code="c">Simon Beckett</marc:subfield>
   </marc:datafield>
   <marc:datafield ind1=" " ind2="1" tag="264">
      <marc:subfield code="a">Reinbek bei Hamburg</marc:subfield>
      <marc:subfield code="b">Rowohlt-Taschenbuch-Verl.</marc:subfield>
      <marc:subfield code="c">2010</marc:subfield>
   </marc:datafield>
   <marc:datafield ind1=" " ind2=" " tag="250">
      <marc:subfield code="a">33.</marc:subfield>
   </marc:datafield>
   <marc:datafield ind1="1" ind2=" " tag="520">
      <marc:subfield code="a">David Hunter, Spezialist für forensische Anthroplogie, vergräbt sich nach dem tragischen Unfalltod von Frau und Tochter als Landarzt in einem kleinen Dorf in Norfolk, England. Als in der Nähe des Dorfes eine kaum noch zu identifizierende Frauenleiche gefunden wird, bittet die Kriminalpolizei ihn um Mithilfe bei den Ermittlungen. Es beginnt ein Wettlauf auf Leben und Tod, als nach einem weiteren Frauenmord als 3. Opfer Davids neue Liebe Jenny entführt wird. 3 Tage bleiben dem Team, um Jenny zu retten und David ahnt nicht, wie nahe ihm der Mörder eigentlich ist. Das besondere Spezialgebiet des Helden, die Einbeziehung der spröden Landschaft Norfolks sowie der klare Blick auf die klaustrophobische Enge der dörflichen Gemeinschaft unter außergewöhnlichen Bedingungen heben diesen Kriminalroman aus der breiten Masse hervor. Durch die subjektive Sicht des Ich-Erzählers entwickelt der Plot eine atemberaubende Spannung, seine Charaktere sind sorgfältig und plausibel konzipiert, lediglich das (wenn auch überraschende) Ende enttäuscht ein wenig. Dennoch, ein Pageturner für starke Nerven und kurze Nächte!</marc:subfield>
   </marc:datafield>
   <marc:datafield ind1=" " ind2=" " tag="020">
      <marc:subfield code="a">9783499241970</marc:subfield>
      <marc:subfield code="9">9783499241970</marc:subfield>
   </marc:datafield>
   <marc:datafield ind1=" " ind2=" " tag="020">
      <marc:subfield code="a">3499241978</marc:subfield>
      <marc:subfield code="9">3499241978</marc:subfield>
   </marc:datafield>
   <marc:datafield ind1="0" ind2=" " tag="490">
      <marc:subfield code="v">0</marc:subfield>
   </marc:datafield>
   <marc:datafield ind1=" " ind2=" " tag="300">
      <marc:subfield code="a">429 S.</marc:subfield>
   </marc:datafield>
</marc:record>
